00322nam a2200121Ia 4500008004100000020002200041041000800063082002400071100002300095245003400118260003900152300000900191230411s9999 xx 000 0 und d a978-1-4511-4633-2 aeng aF/610.73/ECK/B08520 aEckman Margaret ed aLippincott Nursing Procedures bWolters KluweraPhiladelphiac2013 a825p